U.S. State Capitals Closest to the Mississippi River - Statistics

General Stats
  • This quiz has been taken 18,438 times
  • The average score is 7 of 10
Answer Stats
miles capital km % Correct
0 Baton Rouge 0
90%
34 Jackson 55
84%
79 Little Rock 127
83%
63 Springfield 101
77%
125 Nashville 201
75%
127 Des Moines 204
74%
0 St. Paul 0
73%
79 Jefferson City 127
70%
63 Madison 101
61%
210 Indianapolis 338
50%
No matching quizzes found
Score Distribution
Percent of People with Each Score
Percentile by Number Answered
Your Score History
You have not taken this quiz